| 000 | 00764nam a2200253Ia 4500 | ||
|---|---|---|---|
| 003 | OSt | ||
| 005 | 20220925233544.0 | ||
| 006 | a|||||r|||| 00| 0 | ||
| 007 | ta | ||
| 008 | 220923b |||||||| |||| 00| 0 eng d | ||
| 037 | _cGeneral Book | ||
| 040 |
_aRTL _cRTL _beng |
||
| 041 |
_2eng _aeng |
||
| 082 | _aY:5:5(Z).2aN7, M0/BB | ||
| 100 |
_aSharma B B L _9298987 |
||
| 245 | 0 |
_aPopulation Policy in India _b A survey of literature |
|
| 260 |
_a New Delhi _bAmbika Publications _c1980 |
||
| 300 |
_axviii,195p _ccm. |
||
| 500 | _aAppendix: p 51-86 | ||
| 650 |
_aFamily Planning _9231810 |
||
| 700 |
_a Tripathi A D _9298988 |
||
| 942 |
_hY:5:5(Z).2aN7, M0/BB _cGB _2CC |
||
| 999 |
_c593951 _d593951 |
||